Statistics for Members of the Warsaw Pact by Picture

Click here to take the quiz!

General Stats

  • This quiz has been taken 4 times
  • The average score is 9 of 23

Answer Stats

Answer% Correct
Poland
75%
Azerbaijan
50%
Bulgaria
50%
Czechia
50%
Georgia
50%
Germany
50%
Hungary
50%
Moldova
50%
Slovakia
50%
Turkmenistan
50%
Ukraine
50%
Albania
25%
Armenia
25%
Belarus
25%
Estonia
25%
Kazakhstan
25%
Kygyzstan
25%
Latvia
25%
Lithuania
25%
Romania
25%
Russia
25%
Tajikistan
25%
Uzbekistan
25%

Score Distribution

Percentile by Number Answered

Percent of People with Each Score

Your Score History

You have not taken this quiz